Constructivismo : Estrategias para aprender a aprender

Con esta obra los alumnos conocerán las estrategias básicas (prácticas) de procesamiento, organización y esquematización de la información. Contiene estrategias que ayudarán al usuario a organizar y esquematizar la información de cualquier área de conocimiento, con el objetivo de obtener un aprendiz...

Descripción completa

Detalles Bibliográficos
Autor principal: Pimienta Prieto, Julio Herminio
Formato: Libro
Lenguaje:español
Publicado: México : Pearson Educación, 2008
Edición:3ª ed.
Materias:
Acceso en línea:

MARC

LEADER 00000nam a22000007a 4500
003 UAHC
005 20180413125256.0
008 180412s2008 mx ||||| |||| 00| 0 spa d
952 |0 0  |1 0  |2 ddc  |4 0  |6 086_100000000000000_PIM  |7 0  |8 BAS  |9 89738  |a BC  |b BC  |c General  |d 2018-04-12  |e Compra  |g 19777.00  |l 1  |o 086.1 PIM  |p 1461033  |r 2026-03-30 16:29:15  |s 2026-03-19  |t c.1  |v 19777.00  |w 2018-04-12  |x OC:2085 / Factura:18970  |y BK  |A 78  |B CSPOL  |C 52 
999 |c 49924  |d 49924 
020 |a 9789702610410 
035 |a CENTRAL 
040 |a UAHC_CL  |c UAHC_CL  |d UAHC_CL 
082 |a 086.1  |b P644 
100 |9 2932  |a Pimienta Prieto, Julio Herminio 
245 |a Constructivismo :   |b Estrategias para aprender a aprender  |c Julio Herminio Pimienta Prieto. 
250 |a 3ª ed. 
260 |a México :   |b Pearson Educación,  |c 2008 
300 |a 140 p. 
520 |a Con esta obra los alumnos conocerán las estrategias básicas (prácticas) de procesamiento, organización y esquematización de la información. Contiene estrategias que ayudarán al usuario a organizar y esquematizar la información de cualquier área de conocimiento, con el objetivo de obtener un aprendizaje significativo. Es decir le darán un sentido especial, único para cada estudiante, lo cual apoyará en la construcción de significados personales. 
650 0 |9 2933  |a Constructivismo (Educación) 
650 0 |9 2905  |a Habilidades de estudio 
942 |2 ddc  |c BK